The Diary of Manu Gandhi: (Record no. 167378)

MARC details
000 -LEADER
fixed length control field 00573nam a22001817a 4500
005 - DATE AND TIME OF LATEST TRANSACTION
control field 20220215161703.0
010 ## - LCCN (DPL NO)
LC control number ENG-126367
020 ## - INTERNATIONAL STANDARD BOOK NUMBER
Terms of availability 750.00
International Standard Book Number 978-0-19-949616-7
035 ## - SYSTEM CONTROL NUMBER
System control number EN-109899
037 ## - SOURCE OF ACQUISITION
Source of stock number/acquisition DBAD/PUB
082 ## - DEWEY DECIMAL CLASSIFICATION NUMBER
Classification number 808.883
245 ## - TITLE STATEMENT
Title The Diary of Manu Gandhi:
Remainder of title 1943-1944/
Statement of responsibility, etc edited and translated by Tridip Suhrud
260 ## - PUBLICATION, DISTRIBUTION, ETC. (IMPRINT)
Name of publisher, distributor, etc Oxford University Press
Date of publication, distribution, etc 2019
Place of publication, distribution, etc Delhi
270 ## - ADDRESS
Address 2/11 Ground Floor,Ansari Road,Daryaganj
City Delhi
Postal code 110002
300 ## - PHYSICAL DESCRIPTION
Extent xlix183p.
Dimensions 22cm(hb)
700 ## - ADDED ENTRY--PERSONAL NAME
Personal name Suhrud,Tridip
942 ## - ADDED ENTRY ELEMENTS (KOHA)
Source of classification or shelving scheme Dewey Decimal Classification
Item type English Books
Classification part 808.883
Call number suffix THE
Holdings
Withdrawn status Lost status Not for loan Collection code Home library Current library Date acquired Source of acquisition Cost, normal purchase price Full call number Barcode Copy number Cost, replacement price Koha item type
      Non-fiction Ashok Vihar Ashok Vihar 30/08/2019 DBAD/PUB 750.00 808.883 THE EN-109899 1 750.00 English Books

© Delhi Public Library
Hit Counter
free hit counter